000 00410nam a2200133Ia 4500
008 100328s9999 xx 000 0 und d
082 _b5290
100 _aधोंड मधुकर वासुदेव
245 _aकाव्याची भूषणे
260 _b---
630 _aकाव्याची भूषणे
730 _aकाव्याची भूषणे
942 _cBOOK
999 _c501292
_d501289